| 000 | 00484nam a22001457a 4500 | ||
|---|---|---|---|
| 008 | 151208b xxu||||| |||| 00| 0 eng d | ||
| 020 | _a9780809147953 | ||
| 050 | _aGV706.42.K45 2012 | ||
| 100 |
_aKelly, Patrick _921264 |
||
| 245 |
_aCatholic perspectives on sports _bfrom medieval to modern times _cPatrick Kelly |
||
| 260 |
_aNew York _bPaulist Press _c2012 |
||
| 300 |
_axi, 212p. ; _c21cm. |
||
| 650 |
_aSports _xReligious aspects _xCatholic Church _921154 |
||
| 942 |
_2lcc _cMONOGRAPH |
||
| 999 |
_c123855 _d123855 |
||